[Event "15. Open Club Ajedrez Villaverde"]
[Site "Madrid ESP"]
[Date "2011.06.23"]
[Round "4.7"]
[White "Garcia Fernandez, Jesus"]
[Black "Garcia Sanz, Eduardo"]
[Result "1/2-1/2"]
[WhiteElo "1936"]
[BlackElo "1952"]
[PlyCount "28"]
[EventDate "2011.06.20"]
[EventType "swiss"]
[EventRounds "8"]
[EventCountry "ESP"]
[Source "lmi"]
[SourceDate "2011.06.20"]

1. e4 c5 2. Nc3 Nc6 3. f4 d6 4. Nf3 e5 5. Bc4 exf4 6. d3 Be7 7. Bxf4 Nf6 8. O-O
O-O 9. Qe1 Na5 10. Rd1 a6 11. a4 Nxc4 12. dxc4 Qb6 13. Nd5 Nxd5 14. exd5 Bf6
1/2-1/2

[Event "15. Open Club Ajedrez Villaverde"]
[Site "Madrid ESP"]
[Date "2011.06.23"]
[Round "4.8"]
[White "Garcia Sanz, Carlos"]
[Black "Lopez Heras, Arturo"]
[Result "0-1"]
[WhiteElo "1917"]
[BlackElo "1949"]
[PlyCount "48"]
[EventDate "2011.06.20"]
[EventType "swiss"]
[EventRounds "8"]
[EventCountry "ESP"]
[Source "lmi"]
[SourceDate "2011.06.20"]

1. e4 e5 2. Nf3 Nc6 3. Bb5 f5 4. d3 fxe4 5. dxe4 Nf6 6. Nc3 Bc5 7. Be3 Bxe3 8.
fxe3 d6 9. Qd2 Be6 10. O-O-O a6 11. Ba4 b5 12. Bb3 Bxb3 13. cxb3 b4 14. Ne2 Qd7
15. Ng3 O-O 16. h3 a5 17. Kc2 a4 18. Ra1 Rfb8 19. Kd3 Ra5 20. Ke2 Rba8 21. bxa4
Rxa4 22. b3 Ra3 23. Rhb1 Qc8 24. Rb2 Qa6+ 0-1

[Event "15. Open Club Ajedrez Villaverde"]
[Site "Madrid ESP"]
[Date "2011.06.23"]
[Round "4.11"]
[White "Tevar Sanz, Gonzalo"]
[Black "Martinez Miura, Enrique"]
[Result "1-0"]
[WhiteElo "1872"]
[BlackElo "1719"]
[PlyCount "53"]
[EventDate "2011.06.20"]
[EventType "swiss"]
[EventRounds "8"]
[EventCountry "ESP"]
[Source "lmi"]
[SourceDate "2011.06.20"]

1. d4 e6 2. Bf4 d5 3. Nf3 Bd6 4. Ne5 f6 5. Nd3 Bxf4 6. Nxf4 Ne7 7. e3 O-O 8.
Bd3 e5 9. dxe5 fxe5 10. Qh5 e4 11. Be2 Nbc6 12. Bb5 Nb4 13. Ba4 c5 14. a3 Rf5
15. Qe2 Nbc6 16. Nc3 a6 17. Bxc6 bxc6 18. Rd1 Qc7 19. Qd2 d4 20. Nxe4 g5 21.
Nh5 Qe5 22. Nhg3 dxe3 23. Qxe3 Nd5 24. Qxc5 Rf4 25. O-O Qe6 26. Nxg5 Qg6 27.
Rxd5 1-0

[Event "15. Open Club Ajedrez Villaverde"]
[Site "Madrid ESP"]
[Date "2011.06.23"]
[Round "4.14"]
[White "Gutierrez Garcia, Alberto"]
[Black "Fernandez Cabello, Emilio"]
[Result "1-0"]
[WhiteElo "1685"]
[BlackElo "1750"]
[PlyCount "35"]
[EventDate "2011.06.20"]
[EventType "swiss"]
[EventRounds "8"]
[EventCountry "ESP"]
[Source "lmi"]
[SourceDate "2011.06.20"]

1. e4 e6 2. Nc3 c5 3. Nf3 Nc6 4. d4 cxd4 5. Nxd4 Nge7 6. Ndb5 d5 7. exd5 Nxd5
8. Nxd5 exd5 9. Bf4 Qe7+ 10. Qe2 Qxe2+ 11. Bxe2 Nb4 12. Nc7+ Kd8 13. O-O-O Be7
14. Nxa8 Be6 15. a3 g5 16. Bg3 Nc6 17. Nc7 Kd7 18. Nxd5 1-0